| 000 | 00592nam a2200193 u 4500 | ||
|---|---|---|---|
| 005 | 20210223131804.0 | ||
| 008 | 120807s2009 r 000 0 eng d | ||
| 020 | _a9786071102942 | ||
| 035 | _aUPN01000185907 | ||
| 049 | _aCG | ||
| 050 | 4 |
_aRA644 I6 _bO7.2 |
|
| 100 | 1 |
_aOrtiz Quezada, Federico, _d1935- _933014 |
|
| 245 | 1 | 0 |
_aCódigo A (H1N1) : _bdiario de una pandemia / _cFederico Ortiz Quezada. |
| 260 |
_aMéxico : _bTaurus, _c2009. |
||
| 300 |
_a205 p. : _bil. |
||
| 650 | 4 |
_aINFLUENZA H1N1 - _xPREVENCION _921514 |
|
| 650 | 4 |
_aINFLUENZA H1N1 - _xHISTORIA - _ySIGLO XX |
|
| 905 | _aLibro | ||
| 999 |
_c158010 _d158010 |
||